| 000 | 00680nam a22001937a 4500 | ||
|---|---|---|---|
| 999 |
_c157610 _d157610 |
||
| 005 | 20180920163107.0 | ||
| 010 | _aENG-124016 | ||
| 020 | _c120.00 | ||
| 035 | _aEN-107548 | ||
| 037 | _bDBAD/PUB | ||
| 082 | _a305.80095455 | ||
| 100 | _aPahru, Z.K. | ||
| 245 |
_aViable education for the tribals: _cby Z.K. Pahru, _ba poumai naga perspective / |
||
| 260 |
_aGuwahati _c2010 _bNorth Eastern Social Research Centre |
||
| 270 |
_bGuwahati _aJagriti 2nd Floor, Arunadai Path, GMC Road, Christian Basti _e781005 |
||
| 300 |
_a174p. _c21(pbk.) |
||
| 500 | _aIt includes references, endnotes, glosssary publications of NESRC | ||
| 942 |
_2ddc _cEN _h305.80095455 _mPAH |
||